Responses for Show #6799 - Thursday, March 20, 2014

Contestants

[<< previous game]

Diane Levinson, a book publicist from Astoria, New York

Brendan Getzell, a tutor and musician from San Francisco, California

Gabor Revy, an aerospace engineer from West Chester, Ohio (whose 1-day cash winnings total $24,801)

[next game >>]

Jeopardy! Round responses

WORLD OF MUSIC
FRUIT & VEGETABLE VENDORS?
REWRITING THE PRESIDENTIAL OATH
(Alex: You have to correct our wording.)
I AM THE DANGER
THE ONE WHO KNOCKS
SAY MY NAME
    $200 13
Israel

Diane
    $200 12
Apple

Gabor
    $200 2
solemnly

Brendan
    $200 1
a slingshot

Diane
    $200 26
Paris Hilton

Diane
    $200 7
(Henry) Ford

Diane
    $400 16
Beethoven

Brendan
    $400 14
Olive Garden

Diane
    $400 3
execute

Diane
    $400 20
a machete

Gabor
    $400 27
No

Gabor
    $400 8
(Gabor: What is von Braun?)
...
(Alex: Oh, if you've watched the series, you will know about [*].)

Heisenberg

Gabor
Triple Stumper
    $1,000 17
the Acropolis

Brendan
    $600 15
BlackBerry

Gabor
    $600 4
office

Brendan
    $600 21
a Taser

Diane
    $600 28
The Lone Ranger

Diane
    $600 9
Hamid Karzai

Gabor
    $800 18
a mariachi band

Gabor
    $800 24
Lululemon

Brendan
    $800 5
preserve

Diane
    $800 22
asbestos

Brendan
    $800 29
Mariah Carey

Diane
    $800 10
(Gabor: Who is Prince Alfred?)

Prince Albert

GaborDiane
    $1000 19
Serbia (Yugoslavia accepted)

Gabor
    $1000 25
Banana Republic

Brendan
    $1000 6
defend

Brendan
    $1000 23
Scud missiles

Brendan
    $1000 30
(Gabor: Who is, uh, Angelina Jolie and Ben Affleck?)

Ben Affleck & Jennifer Lopez (J.Lo)

GaborDiane
    $1000 11
Estée Lauder

Diane

Scores at the first commercial break (after clue 15):

Gabor Brendan Diane
$200 $1,800 $4,000

Scores at the end of the Jeopardy! Round:

Gabor Brendan Diane
$1,800 $6,800 $7,200

Double Jeopardy! Round responses

IMAGINE DRAGONS
LABOR UNIONS
PUT A "CAP" ON IT
THE 2nd CENTURY
THE MERCURY ASTRONAUTS
MOVIE & TV COMPANIES
    $400 9
Beowulf

Diane
    $400 1
police officers

Brendan
    $400 3
Capricorn

Gabor
    $400 25
Zeus

Gabor
    $400 10
John Glenn

Gabor
    $400 15
Spider-Man

Brendan
    $800 20
Siegfried

Gabor
    $800 2
letter carriers

Diane
    $800 4
caplet

Brendan
    $1,000 26
(Gabor: Uh... What's his name?)
(Alex: I know.)
(Gabor: Who is [*]?)
(Alex: That's it, yes. You know, also. Way to go. Built a wall.)

Hadrian

Gabor
    $800 11
(Alex: [*], Hal Roach was the producer, yes.)

Our Gang

Diane
    $800 16
King of the Hill

Gabor
    $1200 21
George R.R. Martin

Brendan
    $1200 8
(Brendan: What is Detroit?)

Akron

GaborBrendan
    $1200 5
capitulate

Brendan
    $1200 27
the Danube

Diane
    $1200 12
(Gabor: What is NASA?)
(Diane: What is the CIA?)
(Brendan: What is the NSA?)

the Smithsonian

GaborBrendanDiane
Triple Stumper
    $1200 17
Arrested Development

Gabor
    $1600 23
Kenneth Grahame

Triple Stumper
    $800 22
(Brendan: Let's make it a True $800.)
[Laughter]
(Alex: You toy with me, Brendan.)

the Screen Actors Guild (SAG)

Brendan
    $1600 6
capitalize

Brendan
    $1600 13
the Apollo program

Gabor
    $1600 18
Lost

Diane
    $2000 24
(Alex: Less than a minute to go now.)

Smaug

Gabor
    $2000 14
Service Employees

Brendan
    $2000 7
capacitor

Gabor
    $2000 28
[The end-of-round signal sounds.]
(Alex: Had a problem with his ear.)

"Deke"

Triple Stumper
    $2000 19
Clerks

Gabor

Scores at the end of the Double Jeopardy! Round:

Gabor Brendan Diane
$14,400 $12,800 $10,800

[wagering suggestions for these scores]

Final Jeopardy! Round responses

OTHER POLITICAL PARTIES
DianeWhat is the camel?
$6,000
BrendanWhat is the bull?
$12,700
GaborWhat is a tiger?
$5,601
the camel

Final scores:

Gabor Brendan Diane
$8,799 $100 $16,800
2nd place: $2,000 3rd place: $1,000 New champion: $16,800

Game dynamics:

Coryat scores:

Gabor Brendan Diane
$14,200 $13,200 $10,800
19 R
(including 1 DD),
4 W
17 R
(including 2 DDs),
2 W
18 R,
1 W

Combined Coryat: $38,200

[game clues] [game scores] [suggest correction]

Game tape date: 2013-12-03
The J! Archive is created by fans, for fans. Scraping, republication, monetization, and malicious use prohibited; this site may use cookies and collect identifying information. See terms. The Jeopardy! game show and all elements thereof, including but not limited to copyright and trademark thereto, are the property of Jeopardy Productions, Inc. and are protected under law. This website is not affiliated with, sponsored by, or operated by Jeopardy Productions, Inc. Join the discussion at JBoard.tv.